The dynamics of industrial location : the factory, the firm and the production system
Αποθηκεύτηκε σε:
| Κύριος συγγραφέας: | |
|---|---|
| Μορφή: | Βιβλίο |
| Γλώσσα: | English |
| Δημοσίευση: |
Chichester :
John Wiley and sons,
c1998
|
| Θέματα: | |
| Ετικέτες: |
Προσθήκη ετικέτας
Δεν υπάρχουν, Καταχωρήστε ετικέτα πρώτοι!
|
MARC
| LEADER | 00000nam a2200000 i 4500 | ||
|---|---|---|---|
| 001 | 1/75796 | ||
| 008 | 990324s1998 eng d | ||
| 020 | |a 0-471-97119-7 | ||
| 035 | |l 10049430 | ||
| 040 | |a GR-MY-UA |b gre |e aacr | ||
| 041 | 0 | |a eng | |
| 082 | 0 | |a 338.09 | |
| 100 | 1 | |a Hayter, Roger |d 1947- | |
| 245 | 1 | 4 | |a The dynamics of industrial location : |b the factory, the firm and the production system / |c Roger Hayter |
| 260 | |a Chichester : |b John Wiley and sons, |c c1998 | ||
| 300 | |a 484 p. |b fig. | ||
| 504 | |a Includes bibliographical references and index | ||
| 650 | 0 | 0 | |a Industrial location. |
| 852 | |a INST |b LESVOS |e 19990324 |h 338.09 HAY |p 005100016866 |q 005100016866 |t BK |y 0 | ||
| 901 | |a BIBL-1999-1 | ||
| 909 | |a Λ |b 062007 | ||
| 922 | |a 1ΕΛΗ |b 199812 |c ΚΠΣ/ΤΓ |d LEADER | ||
| 950 | |a 118-1998-10-19 | ||